Normal view
MARC view
- عقود -- فسخ
Entry Topical Term
001 - CONTROL NUMBER
- control field: 17287
003 - CONTROL NUMBER IDENTIFIER
- control field: JO-AjAnu
005 - DATE AND TIME OF LATEST TRANSACTION
- control field: 20230606073045.0
008 - FIXED-LENGTH DATA ELEMENTS
- fixed length control field: 230606|| aca||aabn | a|a d
040 ## - CATALOGING SOURCE
- Original cataloging agency: JO-AjAnu
- Transcribing agency: JO-AjAnu
150 ## - HEADING--TOPICAL TERM
- Topical term or geographic name entry element: عقود -- فسخ
670 ## - SOURCE DATA FOUND
- Source citation: Work cat.: (JO-AjAnu)8875: شيشير ، ج ، س ، فيفوت ، س ، ه ، فيرمستون ، م ، ب , author 17286, أسباب انقضاء العقد الوفاء - الإقالة - الإستحالة - الإخلال